| 000 | 00659nam a2200229Ia 4500 | ||
|---|---|---|---|
| 003 | OSt | ||
| 005 | 20220925232215.0 | ||
| 006 | a|||||r|||| 00| 0 | ||
| 007 | ta | ||
| 008 | 220923b |||||||| |||| 00| 0 eng d | ||
| 037 | _cGeneral Book | ||
| 040 |
_aRTL _cRTL _beng |
||
| 041 |
_2eng _aeng |
||
| 082 | _aX9(M71).2.N65<N59r, K5 | ||
| 110 |
_aMODI SPG & MILLS CO. LTD _9296897 |
||
| 245 | 0 | _aAnnual report and statement of accounts. | |
| 260 |
_aModinagar _bMSWMCO _c1965 |
||
| 300 |
_av.p. _ccm. |
||
| 700 |
_aMODI SPG & MILLS CO. LTD _9296898 |
||
| 942 |
_hX9(M71).2.N65<N59r, K5 _cGB _2CC |
||
| 999 |
_c590661 _d590661 |
||